| АИС "Историко-культурное наследие Беларуси" | ||
| Базовый | Расширенный | Профессиональный | Словарь персоналий | Тематический словарь | По видам объектов | История запросов Заказы | Регистрация | |
Запись в MARC-формате
| копировать MARC-запись |
=LDR 00000nx\\c22000003\p45\\
=001 BY-NLB-ar2302437
=005 20160905115150.0
=100 \\$a20160905cbely50\\\\\\ca0
=152 \\$apsbo
=215 \\$aКостел Божьего Тела (Несвиж, город; Минская область)
=801 \0$aBY$bCBCLL$c20160905
Чтобы вернуться назад, щелкните кнопку BACK на Вашем браузере